NXT Champions - Statistics

General Stats
  • This quiz has been taken 229 times
  • The average score is 7 of 8
Answer Stats
# reign Answer % Correct
1 Seth Rollins
94%
7 Finn Balor
91%
6 Kevin Owens
90%
8 Samoa Joe
90%
5 Sami Zayn
88%
2 Big E Langston
87%
4 Adrian Neville
86%
3 Bo Dallas
85%
No matching quizzes found
Score Distribution
Percent of People with Each Score
Percentile by Number Answered
Your Score History
You have not taken this quiz